The Coptic (Sahidic) version of Kingdoms I, II (Samuel I, II) /

محفوظ في:

مؤلفون آخرون: Drescher, James

التنسيق: كتاب

اللغة: English
Coptic

منشور في: Louvain : Secrétariat du CorpusSCO, 1970.

سلاسل: Corpus scriptorum Christianorum Orientalium. Scriptores Coptici ; 35-36.
CSCO.SC ; 35-36.

الموضوعات:

الوسوم: إضافة وسم

لا توجد وسوم, كن أول من يضع وسما على هذه التسجيلة!

رقم الطلب: BX100 .C8 C8 v.35-36

LEADER 01029namaa2200313 4500
001 21717
003 OSt
005 20250313092826.0
008 130303s1970 be h g b 000 0 eng d
010 |a 72181761 
020 |a 9789042903548 
040 |c ARCE Library 
041 0 |a eng  |a cop 
050 4 |a BX100 .C8 C8 v.35-36 
240 0 4 |a Bible.  |p Samuel.  |l Coptic.  |f 1970. 
245 0 4 |a The Coptic (Sahidic) version of Kingdoms I, II (Samuel I, II) /  |c Edited by James Drescher. 
264 1 |a Louvain :  |b Secrétariat du CorpusSCO,   |c 1970. 
300 |a 2 volumes :  |b facsimiles ;  |c 26 cm. 
490 0 |a Corpus scriptorum Christianorum Orientalium. Scriptores Coptici ;   |v 35-36. 
490 0 |a CSCO.SC ;   |v 35-36. 
504 |a Bibliography : volume 1, pages [vii]-viii. 
505 0 |a [1] Coptic text -- [2] English translation. 
546 |a English and Coptic. 
630 0 0 |a Bible.  |p Samuel  |x Versions. 
630 0 0 |a Bible.  |p Samuel, Coptic. 
700 1 |a Drescher, James, 
901 |a reviewed 
942 |c BK  |2 lcc 
999 |c 21932  |d 21932